La réponse est un poisson - Statistiques

Statistiques générales
  • Ce quiz a été pris 512 fois
  • Le résultat moyen est 11 sur 28
Statistiques - réponses
Indice Réponse % Correct
Etablissement dans lequel on consomme des boissons Bar
97%
Piquet servant à fixer une tente Sardine
82%
Séparation des cheveux par une ligne sur le haut de la tête Raie
65%
Croisement d'un âne et d'une jument Mulet
63%
Soldat utilisant des grenades Grenadier
60%
Couleur rose orangée Saumon
58%
Âgée Vieille
54%
Spécialité de Renaud Lavillenie Perche
53%
Obscurité projetée par un objet en présence de lumière Ombre
43%
Désigne un homme d'affaires cupide et impitoyable Requin
43%
Proxénète Maquereau
42%
Désigne de manière péjorative une personne laide Thon
42%
Région du cerveau notamment liée à la mémoire Hippocampe
41%
Célèbre empereur Napoléon
41%
Ensemble des os du poignet Carpe
40%
Portion de l'espace, endroit Lieu
40%
Apôtre ou ville de La Réunion Saint-pierre
39%
Technique de découpe des légumes en filaments Julienne
34%
Prénom masculin, porté par l'acteur Farrell Colin
33%
Surnom des joueurs du FC Lorient Merlu
32%
Rapide, vigoureuse Vive
27%
Mince, peu consistant Maigre
24%
Courbe, fléchit, rabat quelque chose Plie
21%
Croisement d'une ânesse et d'un cheval Bardot
17%
Chauve-souris, aussi appelée renard volant Roussette
13%
Machine de guerre ancienne utilisée notamment par les Romains Baliste
7%
Pièce de bois plate utilisée en menuiserie ou toile servant à protéger les cordages d'un bateau Limande
3%
Pièce buccale chez les insectes Labre
1%
Aucun quiz correspondant
Distribution des résultats
% des personnes avec chaque résultat
Percentile par nombre de réponses
Votre historique - résultats
Vous n’avez pas pris ce quiz